Bhīṣma Devavrata: authority in epic Mahābhārata
| Main Author: | |
|---|---|
| Format: | Print Book |
| Language: | English Sanskrit |
| Subito Delivery Service: | Order now. |
| Check availability: | HBZ Gateway |
| WorldCat: | WorldCat |
| Interlibrary Loan: | Interlibrary Loan for the Fachinformationsdienste (Specialized Information Services in Germany) |
| Published: |
Hyderabad, Telangana, India
Orient Blackswan Private Limited
2018
|
| In: | Year: 2018 |
| Edition: | 1. published |
| Standardized Subjects / Keyword chains: | B
Bhīṣma
/ Mahābhārata
|
| RelBib Classification: | BK Hinduism, Jainism, Sikhism |
| Further subjects: | B
Bhīṣma
B Mahābhārata Criticism, interpretation, etc |
| Online Access: |
Table of Contents Literaturverzeichnis |
MARC
| LEADER | 00000cam a2200000 c 4500 | ||
|---|---|---|---|
| 001 | 1635891574 | ||
| 003 | DE-627 | ||
| 005 | 20251225204222.0 | ||
| 007 | tu | ||
| 008 | 180412s2018 ii ||||| 00| ||eng c | ||
| 020 | |a 9789352872015 |c hardback |9 978-93-5287-201-5 | ||
| 035 | |a (DE-627)1635891574 | ||
| 035 | |a (DE-576)501938494 | ||
| 035 | |a (DE-599)BSZ501938494 | ||
| 035 | |a (OCoLC)1159047726 | ||
| 035 | |a (IiNdDKA)270449-HBD | ||
| 040 | |a DE-627 |b ger |c DE-627 |e rda | ||
| 041 | |a eng |a san | ||
| 044 | |c XB-IN | ||
| 050 | 0 | |a BL1138.4.B47 | |
| 082 | 0 | |a 294.5923046 | |
| 084 | |a ASIEN |q DE-16 |2 fid | ||
| 084 | |a 1 |a 0 |2 ssgn | ||
| 100 | 1 | |e VerfasserIn |0 (DE-588)105616560X |0 (DE-627)794453899 |0 (DE-576)412726920 |4 aut |a McGrath, Kevin |d 1951- | |
| 109 | |a McGrath, Kevin 1951- |a Mc Grath, Kevin 1951- |a MacGrath, Kevin 1951- | ||
| 245 | 1 | 0 | |a Bhīṣma Devavrata |b authority in epic Mahābhārata |c Kevin McGrath |
| 250 | |a 1. published | ||
| 264 | 1 | |a Hyderabad, Telangana, India |b Orient Blackswan Private Limited |c 2018 | |
| 300 | |a 180 Seiten |c 23 cm | ||
| 336 | |a Text |b txt |2 rdacontent | ||
| 337 | |a ohne Hilfsmittel zu benutzen |b n |2 rdamedia | ||
| 338 | |a Band |b nc |2 rdacarrier | ||
| 500 | |a Bibliographie: Seiten 161-177 und Index | ||
| 546 | |a Text Englisch und Sanskrit in Latein-Schrift | ||
| 583 | 1 | |a Archivierung/Langzeitarchivierung gewährleistet |f SSG |x XA-DE-BW |2 pdager |5 DE-21 | |
| 583 | 1 | |a Archivierung/Langzeitarchivierung gewährleistet |f FID |x XA-DE-BW |2 pdager |5 DE-16-77 | |
| 600 | 1 | 0 | |a Bhīṣma |
| 630 | 0 | 0 | |a Mahābhārata |x Criticism, interpretation, etc |
| 652 | |a BK | ||
| 689 | 0 | 0 | |d p |0 (DE-588)119269201 |0 (DE-627)695912852 |0 (DE-576)211840386 |2 gnd |a Bhīṣma |
| 689 | 0 | 1 | |d u |0 (DE-588)4211841-4 |0 (DE-627)105085324 |0 (DE-576)210205938 |a Mahābhārata |2 gnd |
| 689 | 0 | |5 (DE-627) | |
| 856 | 4 | 2 | |u https://swbplus.bsz-bw.de/bsz1635891574inh.htm |m V:DE-576 |m B:DE-21 |v 20231124171331 |3 Inhaltsverzeichnis |7 1 |
| 856 | 4 | 2 | |u https://swbplus.bsz-bw.de/bsz1635891574ref.htm |m V:DE-576 |m B:DE-21 |v 20231124171332 |3 Literaturverzeichnis |7 1 |
| 951 | |a BO | ||
| ELC | |b 1 | ||
| ITA | |a 1 |t 1 | ||
| LOK | |0 000 xxxxxcx a22 zn 4500 | ||
| LOK | |0 001 3502358168 | ||
| LOK | |0 003 DE-627 | ||
| LOK | |0 004 1635891574 | ||
| LOK | |0 005 20190916084327 | ||
| LOK | |0 008 190801||||||||||||||||ger||||||| | ||
| LOK | |0 040 |a DE-21 |c DE-627 |d DE-21 | ||
| LOK | |0 852 |a DE-21 | ||
| LOK | |0 852 1 |c 59 A 5991 |9 00 | ||
| LOK | |0 938 |a 1909 |f 19 | ||
| LOK | |0 939 |a 01-08-19 |b l01 | ||
| LOK | |0 000 xxxxxcx a22 zn 4500 | ||
| LOK | |0 001 3292707773 | ||
| LOK | |0 003 DE-627 | ||
| LOK | |0 004 1635891574 | ||
| LOK | |0 005 20191002155936 | ||
| LOK | |0 008 190314||||||||||||||||ger||||||| | ||
| LOK | |0 040 |a DE-Tue135 |c DE-627 |d DE-Tue135 | ||
| LOK | |0 092 |o n | ||
| LOK | |0 852 |a DE-Tue135 | ||
| LOK | |0 852 1 |9 00 | ||
| LOK | |0 866 |x 6700 maschinelles Mapping DDC mit neuem Exemplarsatz 294.5923046 [294.5 in Mappingtabelle] >> IxTheo-Klassifikation !1442043571!. - | ||
| LOK | |0 936ln |0 1442043571 |a BK | ||
| LOK | |0 939 |a 14-03-19 |b l01 | ||
| ORI | |a SA-MARC-ixtheoa001.raw | ||
| REL | |a 1 | ||
| SUB | |a REL | ||
| SYA | 0 | 0 | |a Bhīshma |
| SYD | 0 | 0 | |a Mahabharata,Mahâbhârata |
| SYG | 0 | 0 | |a Bhīshma , Mahabharata,Mahâbhârata |



